000 01071nam a22001937a 4500
999 _c63873
_d63873
003 Ge_BSU
005 20260211110331.0
008 260211s1997 ge ||||| |||| 00| 0 geo d
041 _ageo
080 _a338(479.22) ე-49
245 _aეკონომიკის აქტუალური საკითხები :
_b(სამეცნიერო ნაშრომთა კრებული). გამოშვება 2 /
_cთსუ; [სარედ. კოლ.: ლ. ყორღანაშვილი (მთ. რედ.) და სხვ.].
250 _a გამოშვება 2
264 _aთბილისი :
_bთბილ. უნ-ტის გამ-ბა,
_c1997.
300 _a145 გვ.;
_b20 სმ.
653 _aსაქართველოს ეკონომიკა.
700 _aყორღანაშვილი, ლ.
_eრედაქტორი
_922451
710 _aთბილისის სახელმწიფო უნივერსიტეტი.
_926866
942 _2udc
_cᲬᲘᲒᲜᲘ